[Event "OBBEM Oberbayern 2012"]
[Site "Weilheim-Marnbach"]
[Date "2012.05.24"]
[Round "3.3"]
[White "Lochte, Thomas"]
[Black "Niedermeier, Thomas"]
[Result "1-0"]
[WhiteElo "2164"]
[BlackElo "2141"]
[PlyCount "59"]
[EventDate "2012.05.??"]
[WhiteTeam "SK Weilheim"]
[BlackTeam "SV Ilmmünster"]

1. e4 e6 2. d4 d5 3. Nd2 Nf6 4. e5 Nfd7 5. Bd3 c5 6. c3 Nc6 7. Ne2 cxd4 8. cxd4
f6 9. Nf4 Nxd4 10. Qh5+ Ke7 11. Ng6+ hxg6 12. exf6+ Nxf6 13. Qxh8 Kf7 14. Qh4
e5 15. Nf3 Nxf3+ 16. gxf3 Qb6 17. Qg5 e4 18. fxe4 Bb4+ 19. Bd2 dxe4 20. Bc4+
Kf8 21. O-O Bxd2 22. Qxd2 Bg4 23. Rfe1 Rd8 24. Qf4 Bf3 25. Bb3 g5 26. Qxg5 Ng4
27. Qf5+ Qf6 28. Be6 Rd2 29. Qc5+ Ke8 30. Bxg4 1-0

[Event "OBBEM Oberbayern 2012"]
[Site "Weilheim-Marnbach"]
[Date "2012.05.24"]
[Round "3.4"]
[White "Guttenthaler, Franz"]
[Black "Sandner, Michael"]
[Result "1-0"]
[WhiteElo "2183"]
[BlackElo "2090"]
[PlyCount "91"]
[EventDate "2012.05.??"]
[WhiteTeam "Schachklub Germering e. V."]
[BlackTeam "SG Traunstein/Traunreut e.V."]

1. d4 Nf6 2. c4 c5 3. d5 b5 4. cxb5 a6 5. bxa6 g6 6. Nc3 Bxa6 7. Nf3 d6 8. g3
Bg7 9. Bg2 Nbd7 10. O-O Nb6 11. Re1 O-O 12. Rb1 Bc4 13. e4 Bxa2 14. Nxa2 Rxa2
15. b4 Nfd7 16. Qb3 Qa8 17. bxc5 dxc5 18. Bf1 c4 19. Bxc4 Nxc4 20. Qxc4 Rc8 21.
Qb5 Ne5 22. Nxe5 Bxe5 23. Be3 Rcc2 24. Rec1 Qc8 25. Rxc2 Qxc2 26. Qb3 Qxb1+ 27.
Qxb1 Ra1 28. Qxa1 Bxa1 29. f4 f6 30. Kf2 h5 31. Ke2 Kf7 32. Kd3 Bb2 33. Kc4 Ke8
34. Bd4 Ba3 35. e5 fxe5 36. fxe5 Bc1 37. e6 Bh6 38. Be5 Bf8 39. Kd4 Bh6 40. Ke4
Bf8 41. g4 hxg4 42. Kf4 g3 43. Kxg3 Bh6 44. Kg4 Bc1 45. Bf4 Ba3 46. Kg5 1-0

[Event "OBBEM Oberbayern 2012"]
[Site "Weilheim-Marnbach"]
[Date "2012.05.24"]
[Round "3.5"]
[White "Graf, Christian"]
[Black "Schlosser, Andree"]
[Result "1/2-1/2"]
[WhiteElo "2146"]
[BlackElo "2157"]
[PlyCount "35"]
[EventDate "2012.05.??"]
[WhiteTeam "SU Ebersberg-Grafing"]
[BlackTeam "SAbt TuS Fürstenfeldbruck"]

1. e4 d6 2. d4 Nf6 3. Nc3 c6 4. Nf3 Bg4 5. Be2 e6 6. O-O Be7 7. Re1 O-O 8. h3
Bxf3 9. Bxf3 d5 10. Be3 Nbd7 11. e5 Ne8 12. Ne2 f6 13. Nf4 Nc7 14. exf6 Bxf6
15. Bg4 e5 16. Ne6 Nxe6 17. Bxe6+ Kh8 18. Bxd7 1/2-1/2

[Event "OBBEM Oberbayern 2012"]
[Site "Weilheim-Marnbach"]
[Date "2012.05.24"]
[Round "3.6"]
[White "Knoblauch, Leonhard"]
[Black "Arnoczky, Philipp"]
[Result "0-1"]
[WhiteElo "2114"]
[BlackElo "1999"]
[PlyCount "96"]
[EventDate "2012.05.??"]
[WhiteTeam "SV Ilmmünster"]
[BlackTeam "SK Bad Aibling"]

1. e4 Nf6 2. Nc3 e5 3. Bc4 Nxe4 4. Bxf7+ Kxf7 5. Nxe4 d5 6. Ng3 Bd6 7. Qf3+ Ke6
8. d4 Qf6 9. Qh5 g6 10. Qh6 e4 11. N1e2 Nc6 12. c3 b6 13. Be3 Bf8 14. Qf4 Bd6
15. Qh6 Bf8 16. Qg5 Qxg5 17. Bxg5 h6 18. Be3 Ne7 19. O-O g5 20. f3 Ba6 21. Rae1
Bd3 22. Rf2 exf3 23. Rxf3 Be4 24. Nxe4 dxe4 25. Rf2 Nf5 26. Ng3 Nxg3 27. hxg3
Bd6 28. Bd2 Kd5 29. c4+ Kxc4 30. Rxe4 Rae8 31. Rxe8 Rxe8 32. Rf6 Re2 33. Bc3
Bxg3 34. Rxh6 Rc2 35. Rf6 Rc1+ 36. Rf1 Rxf1+ 37. Kxf1 Kd3 38. d5 Ke4 39. Ke2
Kxd5 40. Kf3 Bf4 41. Bf6 c5 42. Kg4 c4 43. Bxg5 Bxg5 44. Kxg5 b5 45. Kf4 Kd4
46. a3 a5 47. g4 b4 48. g5 c3 0-1

[Event "OBBEM Oberbayern 2012"]
[Site "Weilheim-Marnbach"]
[Date "2012.05.24"]
[Round "3.7"]
[White "Deues, Erik"]
[Black "Uebele, Peter"]
[Result "1-0"]
[WhiteElo "2036"]
[BlackElo "2168"]
[PlyCount "55"]
[EventDate "2012.05.??"]
[WhiteTeam "Schachklub Germering e. V."]
[BlackTeam "SC Wolfratshausen 1948 e.V."]

1. d4 d5 2. Nf3 Nf6 3. c4 e6 4. Nc3 c6 5. Bg5 Nbd7 6. e3 Qa5 7. Nd2 dxc4 8.
Bxf6 Nxf6 9. Nxc4 Qc7 10. Bd3 Be7 11. O-O O-O 12. Rc1 a6 13. Ne5 Nd7 14. f4 g6
15. Qg4 f5 16. Qh3 Rd8 17. Bc4 Nf8 18. g4 fxg4 19. Qxg4 Kg7 20. Ne4 Re8 21. Ng5
Bf6 22. Rf3 Qa5 23. Rcf1 c5 24. Rh3 h5 25. Rxh5 gxh5 26. Nxe6+ Kh6 27. Nf7+ Kh7
28. Bd3+ 1-0

[Event "OBBEM Oberbayern 2012"]
[Site "Weilheim-Marnbach"]
[Date "2012.05.24"]
[Round "3.8"]
[White "Höller, Armin"]
[Black "Szabo, Paul"]
[Result "1-0"]
[WhiteElo "2088"]
[BlackElo "1779"]
[PlyCount "63"]
[EventDate "2012.05.??"]
[WhiteTeam "SK Bad Aibling"]
[BlackTeam "SK Weilheim"]

1. e4 c5 2. c3 Nc6 3. d4 cxd4 4. cxd4 d5 5. exd5 Qxd5 6. Nf3 e6 7. Nc3 Bb4 8.
Bd2 Bxc3 9. Bxc3 Nf6 10. Bd3 Bd7 11. O-O O-O 12. Qe2 Qh5 13. Rfe1 Nd5 14. Qd2
f6 15. Re4 f5 16. Rh4 Qg6 17. Re1 Rae8 18. Kh1 Nf6 19. Ng5 h6 20. Nh3 Ng4 21.
f3 Nf6 22. g4 Nd5 23. Rg1 Qf6 24. g5 hxg5 25. Nxg5 Nde7 26. d5 e5 27. dxc6 Nxc6
28. Bc4+ Be6 29. Bxe6+ Rxe6 30. Nxe6 Qxh4 31. Nxf8 Kxf8 32. Qd6+ 1-0

[Event "OBBEM Oberbayern 2012"]
[Site "Weilheim-Marnbach"]
[Date "2012.05.24"]
[Round "3.10"]
[White "Bieringer, Konrad"]
[Black "Theumer, Lutz"]
[Result "1/2-1/2"]
[WhiteElo "1944"]
[BlackElo "2117"]
[PlyCount "84"]
[EventDate "2012.05.??"]
[WhiteTeam "SK Töging"]
[BlackTeam "SC Moosburg 1956 e.V."]

1. d4 d5 2. Nf3 Nf6 3. e3 c5 4. c3 Nc6 5. Bd3 Bg4 6. O-O Rc8 7. Nbd2 cxd4 8.
exd4 e6 9. Re1 Bd6 10. Qa4 O-O 11. Ne5 Bh5 12. Nf1 Qc7 13. f4 a6 14. Bd2 Ne7
15. Rac1 Bg6 16. Nxg6 hxg6 17. g3 Nf5 18. Ne3 Qb6 19. Nxf5 gxf5 20. Rc2 g6 21.
Kg2 Kg7 22. Be3 Ng4 23. Bg1 Rh8 24. c4 dxc4 25. Bxc4 Rh6 26. Be2 Rch8 27. Bxg4
fxg4 28. Ree2 Qd8 29. Qb3 b5 30. Kf1 g5 31. fxg5 Qxg5 32. Be3 Rf6+ 33. Rf2
Rxf2+ 34. Rxf2 Qh5 35. Qc3 Qd5 36. Kg1 f5 37. Bf4 b4 38. Qd2 Rc8 39. Re2 Rc4
40. Bxd6 Qxd6 41. Qg5+ Kf7 42. Qh5+ Kg7 1/2-1/2

[Event "OBBEM Oberbayern 2012"]
[Site "Weilheim-Marnbach"]
[Date "2012.05.24"]
[Round "4.1"]
[White "Blodig, Reinhard"]
[Black "Zill, Christoph"]
[Result "1/2-1/2"]
[WhiteElo "2162"]
[BlackElo "2219"]
[PlyCount "84"]
[EventDate "2012.05.??"]
[WhiteTeam "SC 1947 Beilngries"]
[BlackTeam "SK Freising"]

1. g3 f5 2. Bg2 Nf6 3. c4 d6 4. Nc3 e5 5. d3 Be7 6. f4 O-O 7. Nf3 exf4 8. gxf4
c6 9. O-O Na6 10. Kh1 Kh8 11. a3 Be6 12. b4 Nc7 13. Rb1 d5 14. cxd5 Nfxd5 15.
Nxd5 Nxd5 16. Qd2 Bf6 17. Bb2 Bxb2 18. Rxb2 Qb6 19. Ng5 Bg8 20. e4 fxe4 21.
Bxe4 Rad8 22. Rbb1 Qd4 23. Rbe1 Nf6 24. Qg2 Nxe4 25. dxe4 Qc3 26. f5 Qxa3 27.
Rg1 Qc3 28. Qg4 Rd3 29. Ref1 Rdd8 30. Rf3 Qf6 31. Rfg3 Rd7 32. Rh3 Re8 33. Nxh7
Bxh7 34. Rxh7+ Kxh7 35. Qh5+ Qh6 36. Qxe8 Rd2 37. Qe5 Qf6 38. Qg3 Qd4 39. Qg6+
Kh8 40. Qe8+ Kh7 41. Qh5+ Kg8 42. Qe8+ Kh7 1/2-1/2

[Event "OBBEM Oberbayern 2012"]
[Site "Weilheim-Marnbach"]
[Date "2012.05.24"]
[Round "4.2"]
[White "Finsterwalder, Sebastian"]
[Black "Lochte, Thomas"]
[Result "1/2-1/2"]
[WhiteElo "2066"]
[BlackElo "2164"]
[PlyCount "31"]
[EventDate "2012.05.??"]
[WhiteTeam "Gautinger SC"]
[BlackTeam "SK Weilheim"]

1. d4 Nf6 2. c4 c5 3. d5 b5 4. cxb5 a6 5. bxa6 Bxa6 6. Nc3 d6 7. Nf3 Nbd7 8. g3
Qa5 9. Bd2 g6 10. Bg2 Bg7 11. Rb1 O-O 12. O-O Rfb8 13. Qc2 Qc7 14. b3 Nb6 15.
Nh4 Qb7 16. Rfd1 1/2-1/2

[Event "OBBEM Oberbayern 2012"]
[Site "Weilheim-Marnbach"]
[Date "2012.05.24"]
[Round "4.4"]
[White "Arnoczky, Philipp"]
[Black "Deues, Erik"]
[Result "1-0"]
[WhiteElo "1999"]
[BlackElo "2036"]
[PlyCount "87"]
[EventDate "2012.05.??"]
[WhiteTeam "SK Bad Aibling"]
[BlackTeam "Schachklub Germering e. V."]

1. d4 Nf6 2. c4 c5 3. d5 e6 4. Nc3 exd5 5. cxd5 d6 6. Nf3 g6 7. Bg5 Bg7 8. e3
h6 9. Bh4 O-O 10. Nd2 Nbd7 11. Be2 a6 12. a4 Qc7 13. Bg3 Re8 14. Nc4 Bf8 15. a5
b5 16. axb6 Nxb6 17. O-O Nxc4 18. Bxc4 Ne4 19. Nxe4 Rxe4 20. Qd3 Re8 21. e4 Bg7
22. Bxa6 Bxb2 23. Bb5 Rxa1 24. Bxe8 Ba6 25. Bb5 c4 26. Qc2 Rxf1+ 27. Kxf1 Bxb5
28. Qxb2 Qa5 29. Qc1 c3+ 30. Kg1 c2 31. h3 Qc3 32. Bxd6 Qd3 33. Kh2 g5 34. f3
Qd1 35. Ba3 Bf1 36. Qe3 Qa1 37. Qc5 Kh7 38. d6 Qa2 39. Qf5+ Kg7 40. Qe5+ f6 41.
Qe7+ Kg6 42. Qe8+ Kh7 43. Bc1 Qa7 44. d7 1-0

[Event "OBBEM Oberbayern 2012"]
[Site "Weilheim-Marnbach"]
[Date "2012.05.24"]
[Round "4.5"]
[White "Schlosser, Andree"]
[Black "Höller, Armin"]
[Result "0-1"]
[WhiteElo "2157"]
[BlackElo "2088"]
[PlyCount "70"]
[EventDate "2012.05.??"]
[WhiteTeam "SAbt TuS Fürstenfeldbruck"]
[BlackTeam "SK Bad Aibling"]

1. d4 f5 2. Bf4 Nf6 3. e3 e6 4. Nf3 d5 5. c4 Be7 6. Nc3 c6 7. Bd3 Ne4 8. O-O
O-O 9. Qb3 Kh8 10. Bxb8 Rxb8 11. Ne5 Nd2 12. Qa4 Nxf1 13. Qxa7 Bd6 14. Bxf1 Qc7
15. f4 Bd7 16. Qa4 Bxe5 17. dxe5 Qb6 18. Nd1 d4 19. Qc2 c5 20. exd4 cxd4 21.
Bd3 Bc6 22. c5 Qb4 23. Nf2 Ra8 24. a3 Qa5 25. b4 Qa4 26. Qc4 Bd5 27. Qxd4 Qb3
28. h3 Rxa3 29. Rxa3 Qxa3 30. Bf1 Qb3 31. Nd3 Ra8 32. Kh2 h6 33. Kg1 Ra3 34.
Nf2 Qb1 35. Nd1 Ra4 0-1

[Event "OBBEM Oberbayern 2012"]
[Site "Weilheim-Marnbach"]
[Date "2012.05.24"]
[Round "4.6"]
[White "Niedermeier, Thomas"]
[Black "Seidenschwarz, Holger"]
[Result "1-0"]
[WhiteElo "2141"]
[BlackElo "1989"]
[PlyCount "97"]
[EventDate "2012.05.??"]
[WhiteTeam "SV Ilmmünster"]
[BlackTeam "SC 1947 Beilngries"]

1. e4 e5 2. Bc4 Nc6 3. Nf3 Bc5 4. d3 Nf6 5. Bb3 d6 6. c3 a6 7. Nbd2 Ba7 8. O-O
O-O 9. Re1 Re8 10. Nc4 Be6 11. Bg5 h6 12. Bh4 g5 13. Bg3 Bxc4 14. Bxc4 Na5 15.
Bb3 Nxb3 16. Qxb3 Rb8 17. Rad1 Nh5 18. d4 Nxg3 19. hxg3 Qf6 20. dxe5 dxe5 21.
Re2 Qb6 22. Rd7 Qxb3 23. axb3 Bb6 24. Red2 c6 25. Kf1 Re6 26. g4 Kg7 27. Nh2
Ree8 28. Ke2 Red8 29. Nf1 Kf8 30. R7d6 Rxd6 31. Rxd6 Ke7 32. Rxh6 Rd8 33. Ng3
Rd7 34. Nf5+ Kd8 35. Rh8+ Kc7 36. Rg8 Bc5 37. Rxg5 Be7 38. Rg8 a5 39. Nxe7 Rxe7
40. Ra8 Kb6 41. g3 Re6 42. Rf8 Rf6 43. g5 Rg6 44. f4 Rg7 45. Kf3 Rh7 46. Kg4
Kc7 47. Kf5 exf4 48. gxf4 Kd7 49. Kf6 1-0

[Event "OBBEM Oberbayern 2012"]
[Site "Weilheim-Marnbach"]
[Date "2012.05.24"]
[Round "4.7"]
[White "Sandner, Michael"]
[Black "Graf, Christian"]
[Result "1/2-1/2"]
[WhiteElo "2090"]
[BlackElo "2146"]
[PlyCount "92"]
[EventDate "2012.05.??"]
[WhiteTeam "SG Traunstein/Traunreut e.V."]
[BlackTeam "SU Ebersberg-Grafing"]

1. e4 c5 2. d4 cxd4 3. c3 Nf6 4. e5 Nd5 5. Nf3 Nc6 6. Bc4 Nb6 7. Bb3 d5 8. exd6
Qxd6 9. Na3 a6 10. O-O e6 11. cxd4 Be7 12. Be3 O-O 13. Qd3 Nb4 14. Qe2 Bd7 15.
Nc4 Bb5 16. Rac1 Nxc4 17. Bxc4 Nxa2 18. Ra1 Bxc4 19. Qxc4 Nb4 20. Rfc1 Nd5 21.
Ne5 Qb4 22. Qe2 Rac8 23. g3 Rc7 24. Rxc7 Nxc7 25. Rc1 Nd5 26. Rc4 Qb5 27. Qc2
Bd6 28. Bd2 Nb6 29. Rc3 Bxe5 30. dxe5 Nd5 31. Rc4 Qd7 32. Rh4 g6 33. Rc4 Re8
34. Bg5 b5 35. Rd4 Rc8 36. Qe4 Rc4 37. Rxc4 bxc4 38. Qxc4 Qb5 39. Qxb5 axb5 40.
Bd2 Kf8 41. Kf1 Ke8 42. Ke2 Kd7 43. Kf3 h5 44. Ke4 Nb6 45. b3 Kc6 46. Bb4 Nd7
1/2-1/2

[Event "OBBEM Oberbayern 2012"]
[Site "Weilheim-Marnbach"]
[Date "2012.05.24"]
[Round "4.8"]
[White "Theumer, Lutz"]
[Black "Knoblauch, Leonhard"]
[Result "0-1"]
[WhiteElo "2117"]
[BlackElo "2114"]
[PlyCount "68"]
[EventDate "2012.05.??"]
[WhiteTeam "SC Moosburg 1956 e.V."]
[BlackTeam "SV Ilmmünster"]

1. d4 Nf6 2. c4 c5 3. d5 e6 4. Nc3 exd5 5. cxd5 Bd6 6. Nf3 O-O 7. g3 Re8 8. Bg2
a6 9. a4 Bc7 10. O-O d6 11. Nd2 Nbd7 12. e4 Rb8 13. f4 b5 14. axb5 axb5 15. Kh1
c4 16. b4 cxb3 17. Qxb3 Nc5 18. Qb1 b4 19. Na4 Ba6 20. Nxc5 Bxf1 21. Bxf1 dxc5
22. Bg2 c4 23. Nxc4 Nxd5 24. Bb2 Nc3 25. Qc2 Qd4 26. Qb3 Red8 27. e5 Rb5 28. h3
Rc5 29. Bf1 Qd5+ 30. Kh2 Ne4 31. Qxb4 Rb8 32. Qa4 Rxc4 33. Qxc4 Rxb2+ 34. Kg1
Bb6+ 0-1

[Event "OBBEM Oberbayern 2012"]
[Site "Weilheim-Marnbach"]
[Date "2012.05.24"]
[Round "4.9"]
[White "Schwertler, Philip"]
[Black "Bieringer, Konrad"]
[Result "1-0"]
[WhiteElo "2006"]
[BlackElo "1944"]
[PlyCount "52"]
[EventDate "2012.05.??"]
[WhiteTeam "SV Ilmmünster"]
[BlackTeam "SK Töging"]

1. d4 d5 2. c4 e6 3. Nc3 Nf6 4. Bg5 Nbd7 5. e3 c6 6. cxd5 exd5 7. Bd3 Be7 8.
Nge2 O-O 9. O-O Re8 10. f3 Nf8 11. e4 Ne6 12. Bxf6 Bxf6 13. e5 Be7 14. f4 c5
15. dxc5 Bxc5+ 16. Kh1 Nc7 17. Qc2 g6 18. Rae1 b6 19. Ng3 f5 20. exf6 Rxe1 21.
Rxe1 Qxf6 22. f5 Kg7 23. Rf1 Qd6 24. Nce2 Bb7 25. Qd2 Rf8 26. Qg5 Qf6 1-0

[Event "OBBEM Oberbayern 2012"]
[Site "Weilheim-Marnbach"]
[Date "2012.05.24"]
[Round "4.10"]
[White "Alefs, Frank"]
[Black "Uebele, Peter"]
[Result "1/2-1/2"]
[WhiteElo "1960"]
[BlackElo "2168"]
[PlyCount "25"]
[EventDate "2012.05.??"]
[WhiteTeam "SK Weilheim"]
[BlackTeam "SC Wolfratshausen 1948 e.V."]

1. d4 Nf6 2. c4 g6 3. Nc3 d5 4. cxd5 Nxd5 5. e3 Bg7 6. Nxd5 Qxd5 7. Ne2 e5 8.
Nc3 Qd6 9. d5 O-O 10. e4 c6 11. Be2 cxd5 12. Qxd5 Qb6 13. Qb5 1/2-1/2

[Event "OBBEM Oberbayern 2012"]
[Site "Weilheim-Marnbach"]
[Date "2012.05.24"]
[Round "4.11"]
[White "Szabo, Paul"]
[Black "Kretschel, Klaus"]
[Result "1-0"]
[WhiteElo "1779"]
[BlackElo "2036"]
[PlyCount "99"]
[EventDate "2012.05.??"]
[WhiteTeam "SK Weilheim"]
[BlackTeam "Schachklub Germering e. V."]

1. e4 e5 2. f4 d6 3. Nf3 exf4 4. Bc4 Be7 5. d4 Nf6 6. Nc3 O-O 7. Bxf4 Nxe4 8.
Nxe4 d5 9. Bxc7 Qxc7 10. Bxd5 Qa5+ 11. Nc3 Bb4 12. Bb3 Bxc3+ 13. bxc3 Qxc3+ 14.
Kf2 Bg4 15. d5 Nd7 16. Qd4 Qxd4+ 17. Nxd4 Nc5 18. Rhe1 Rfe8 19. Nb5 Nxb3 20.
axb3 a6 21. Nc7 Rxe1 22. Rxe1 Rd8 23. c4 f6 24. c5 Kf7 25. b4 Bd7 26. Ke3 Ba4
27. Kd4 Bb3 28. Re3 Ba4 29. Ra3 Bd7 30. Re3 Ba4 31. Ra3 Bd7 32. Ra5 Rc8 33.
Nxa6 bxa6 34. Rxa6 Rb8 35. Ra7 Ke8 36. Kc4 Bb5+ 37. Kc3 Kf8 38. c6 Rc8 39. Kd4
Bxc6 40. dxc6 Rxc6 41. b5 Rc2 42. b6 Rxg2 43. b7 Rb2 44. Ra8+ Kf7 45. b8=Q Rxb8
46. Rxb8 g5 47. Ke4 Kg6 48. Rb6 g4 49. Kf4 h5 50. Ra6 1-0

[Event "OBBEM Oberbayern 2012"]
[Site "Weilheim-Marnbach"]
[Date "2012.05.24"]
[Round "5.1"]
[White "Zill, Christoph"]
[Black "Lochte, Thomas"]
[Result "1/2-1/2"]
[WhiteElo "2219"]
[BlackElo "2164"]
[PlyCount "89"]
[EventDate "2012.05.??"]
[WhiteTeam "SK Freising"]
[BlackTeam "SK Weilheim"]

1. e4 e5 2. Nf3 Nf6 3. Nxe5 d6 4. Nf3 Nxe4 5. Nc3 d5 6. Qe2 Be7 7. Nxe4 dxe4 8.
Qxe4 O-O 9. Bd3 g6 10. O-O Nc6 11. Qe2 Bg4 12. Qd1 Bd6 13. Be2 Re8 14. h3 Rxe2
15. hxg4 Re4 16. g3 Rxg4 17. Nh2 Rg5 18. d4 Rh5 19. c3 Qd7 20. Qg4 f5 21. Qf3
f4 22. Qg4 Qxg4 23. Nxg4 Rf8 24. f3 fxg3 25. Bh6 Rff5 26. Bd2 Rf8 27. Kg2 Ne7
28. Rh1 Nf5 29. Rxh5 gxh5 30. Nh6+ Nxh6 31. Bxh6 Re8 32. f4 h4 33. Kf3 Kf7 34.
Bg5 Be7 35. Rh1 Bxg5 36. fxg5 g2 37. Kxg2 Re2+ 38. Kf3 Rxb2 39. Rxh4 Kg6 40.
Rh6+ Kxg5 41. Rxh7 c6 42. Ke4 Kf6 43. a4 Ke6 44. a5 a6 45. Rg7 1/2-1/2

[Event "OBBEM Oberbayern 2012"]
[Site "Weilheim-Marnbach"]
[Date "2012.05.24"]
[Round "5.2"]
[White "Arnoczky, Philipp"]
[Black "Blodig, Reinhard"]
[Result "1-0"]
[WhiteElo "1999"]
[BlackElo "2162"]
[PlyCount "105"]
[EventDate "2012.05.??"]
[WhiteTeam "SK Bad Aibling"]
[BlackTeam "SC 1947 Beilngries"]

1. d4 g6 2. c4 Bg7 3. Nc3 c5 4. d5 d6 5. e4 Nf6 6. Be2 O-O 7. Nf3 Na6 8. O-O
Rb8 9. Ne1 b6 10. Be3 Nc7 11. Qd2 a6 12. a4 Bd7 13. f3 b5 14. axb5 axb5 15. e5
b4 16. exd6 bxc3 17. dxc7 cxd2 18. cxd8=Q Rfxd8 19. Nd3 Nxd5 20. cxd5 c4 21.
Nf2 Bxb2 22. Bxc4 Bxa1 23. Rxa1 Rb4 24. Bd3 Bf5 25. Be4 Bxe4 26. fxe4 Rdb8 27.
Kf1 f5 28. Bxd2 Rb1+ 29. Rxb1 Rxb1+ 30. Ke2 Rg1 31. Kf3 fxe4+ 32. Nxe4 Rb1 33.
Kf4 Rb6 34. Ke5 Ra6 35. h4 h5 36. g3 Kf7 37. Bg5 Ra1 38. Bd2 Rf1 39. Bf4 Re1
40. Bd2 Rf1 41. Ng5+ Ke8 42. Ke4 Kd7 43. Nf3 Ra1 44. Ne5+ Ke8 45. Nxg6 Ra4+ 46.
Ke5 Rg4 47. Bg5 Rxg3 48. Nxe7 Ra3 49. Nf5 Kf7 50. Nd6+ Kf8 51. Ne4 Kf7 52. Nf6
Kg6 53. d6 1-0

[Event "OBBEM Oberbayern 2012"]
[Site "Weilheim-Marnbach"]
[Date "2012.05.24"]
[Round "5.3"]
[White "Grawe, Christian"]
[Black "Finsterwalder, Sebastian"]
[Result "1-0"]
[WhiteElo "2199"]
[BlackElo "2066"]
[PlyCount "123"]
[EventDate "2012.05.??"]
[WhiteTeam "Schachklub Germering e. V."]
[BlackTeam "Gautinger SC"]

1. e4 e6 2. d4 d5 3. e5 c5 4. c3 Nc6 5. Nf3 Qb6 6. a3 c4 7. Nbd2 Na5 8. g3 Bd7
9. h4 h6 10. Bh3 O-O-O 11. h5 Ne7 12. O-O Kb8 13. Re1 Nc8 14. Rb1 Qc7 15. Nh2
Nb6 16. Ndf3 Ba4 17. Qe2 Be7 18. Ng4 Ka8 19. Bf4 Rdg8 20. Rf1 Qd8 21. Ne1 Qf8
22. Ng2 Nd7 23. Rbc1 Nb6 24. Be3 Bd7 25. Nh2 Na4 26. Rce1 Qd8 27. f4 g6 28.
hxg6 fxg6 29. Rf2 Qb6 30. Bc1 Qb3 31. Ne3 Bc8 32. Nf3 Qa2 33. Nc2 g5 34. fxg5
hxg5 35. Bg4 Rg7 36. Nb4 Qb3 37. Nd2 Nxc3 38. Qf1 Ne2+ 39. Rexe2 Qxg3+ 40. Qg2
Qxg2+ 41. Rxg2 Bxb4 42. axb4 Nc6 43. Nf3 Nxb4 44. Be3 Rhg8 45. Rh2 Nd3 46. Rh6
b5 47. Ne1 Nf4 48. Reh2 a5 49. Rh8 b4 50. Rxg8 Rxg8 51. Kf2 Rf8 52. Kg3 a4 53.
Bd2 c3 54. bxc3 b3 55. Bc1 Bd7 56. Rh7 Bb5 57. Ba3 Rc8 58. Bb2 Rf8 59. Rh2 Bd3
60. Nxd3 Nxd3 61. Bxe6 Nf4 62. Bd7 1-0

[Event "OBBEM Oberbayern 2012"]
[Site "Weilheim-Marnbach"]
[Date "2012.05.24"]
[Round "5.4"]
[White "Höller, Armin"]
[Black "Guttenthaler, Franz"]
[Result "0-1"]
[WhiteElo "2088"]
[BlackElo "2183"]
[PlyCount "74"]
[EventDate "2012.05.??"]
[WhiteTeam "SK Bad Aibling"]
[BlackTeam "Schachklub Germering e. V."]

1. e4 e6 2. d4 d5 3. Nd2 a6 4. Ngf3 Nf6 5. Bd3 c5 6. c3 Nc6 7. O-O cxd4 8. cxd4
dxe4 9. Nxe4 Be7 10. a3 O-O 11. Be3 Nd5 12. b4 f5 13. Nc5 b6 14. Nb3 Bb7 15.
Qe2 Bf6 16. Bd2 Qd7 17. Rac1 Rfe8 18. Bb1 e5 19. dxe5 Nxe5 20. Nfd4 g6 21. Rfe1
Rad8 22. Ba2 Kh8 23. f4 Nc6 24. Qf2 Nxd4 25. Nxd4 Nxf4 26. Qxf4 Qxd4+ 27. Qxd4
Bxd4+ 28. Kf1 Be4 29. Bc4 b5 30. Be2 Kg8 31. Bg5 Rc8 32. Bf3 Bd3+ 33. Be2 Rxc1
34. Bxc1 Bc3 35. Bb2 Bxe2+ 36. Rxe2 Rxe2 37. Bxc3 Ra2 0-1

[Event "OBBEM Oberbayern 2012"]
[Site "Weilheim-Marnbach"]
[Date "2012.05.24"]
[Round "5.5"]
[White "Knoblauch, Leonhard"]
[Black "Niedermeier, Thomas"]
[Result "0-1"]
[WhiteElo "2114"]
[BlackElo "2141"]
[PlyCount "64"]
[EventDate "2012.05.??"]
[WhiteTeam "SV Ilmmünster"]
[BlackTeam "SV Ilmmünster"]

1. e4 c5 2. Nf3 d6 3. d4 cxd4 4. Nxd4 Nf6 5. Nc3 g6 6. Be3 Bg7 7. f3 Nc6 8. Bc4
Bd7 9. Qd2 Rc8 10. Bb3 Ne5 11. Bh6 Bxh6 12. Qxh6 Qa5 13. O-O-O Rxc3 14. bxc3 g5
15. Nf5 Bxf5 16. exf5 Rg8 17. Kb2 Qc5 18. Rhe1 b5 19. g3 a5 20. a4 bxa4 21.
Bxa4+ Kd8 22. Rxe5 Qxe5 23. f4 gxf4 24. gxf4 Qc5 25. Qh3 Kc7 26. Qd3 Rb8+ 27.
Ka2 d5 28. Qd4 Qxd4 29. Rxd4 Ne4 30. c4 Nc3+ 31. Ka3 Rb4 32. Bb3 Nb5+ 0-1

[Event "OBBEM Oberbayern 2012"]
[Site "Weilheim-Marnbach"]
[Date "2012.05.24"]
[Round "5.6"]
[White "Graf, Christian"]
[Black "Schwertler, Philip"]
[Result "1/2-1/2"]
[WhiteElo "2146"]
[BlackElo "2006"]
[PlyCount "43"]
[EventDate "2012.05.??"]
[WhiteTeam "SU Ebersberg-Grafing"]
[BlackTeam "SV Ilmmünster"]

1. e4 c5 2. Nf3 e6 3. c3 Nf6 4. e5 Nd5 5. d4 cxd4 6. cxd4 d6 7. a3 Bd7 8. Bd3
Bc6 9. O-O Nd7 10. Bd2 Qc7 11. Re1 dxe5 12. dxe5 g6 13. Nc3 Nxc3 14. Bxc3 Bg7
15. Qe2 O-O 16. Ng5 h6 17. Nh3 Rfd8 18. f4 Qb6+ 19. Kh1 Nc5 20. Bc2 Na4 21.
Bxa4 Bxa4 22. Nf2 1/2-1/2

[Event "OBBEM Oberbayern 2012"]
[Site "Weilheim-Marnbach"]
[Date "2012.05.24"]
[Round "5.7"]
[White "Deues, Erik"]
[Black "Sandner, Michael"]
[Result "1-0"]
[WhiteElo "2036"]
[BlackElo "2090"]
[PlyCount "111"]
[EventDate "2012.05.??"]
[WhiteTeam "Schachklub Germering e. V."]
[BlackTeam "SG Traunstein/Traunreut e.V."]

1. d4 Nf6 2. c4 c5 3. d5 b5 4. cxb5 a6 5. b6 e6 6. Nc3 Nxd5 7. Nxd5 exd5 8.
Qxd5 Nc6 9. e4 Be7 10. Bc4 O-O 11. Nf3 Rb8 12. O-O Na5 13. Bd3 Rxb6 14. Qh5 d5
15. exd5 g6 16. Qh6 Qxd5 17. Bg5 f6 18. Bxg6 hxg6 19. Qxg6+ Kh8 20. Rfe1 Qf7
21. Qh6+ Kg8 22. Bd2 Nc4 23. Bc3 Bd6 24. Re4 Ne5 25. Nxe5 fxe5 26. Qg5+ Qg7 27.
Qxg7+ Kxg7 28. f4 Bb7 29. Rc4 Bd5 30. Ra4 Kf7 31. fxe5 Bb8 32. Rh4 Rg8 33. Rf1+
Ke8 34. g3 Re6 35. Rf6 Ba7 36. Rh7 Rxf6 37. exf6 Bf7 38. a3 c4+ 39. Kf1 Bc5 40.
Rh4 Kd7 41. Rf4 Rg5 42. g4 Bd6 43. Rd4 Rd5 44. h4 Rxd4 45. Bxd4 Ke6 46. Kf2 Be5
47. Ke3 Bxf6 48. Bxf6 Kxf6 49. Ke4 Bg6+ 50. Kd4 Bd3 51. b3 Be2 52. g5+ Kg6 53.
bxc4 Kh5 54. c5 Bf3 55. Ke5 Ba8 56. Kd6 1-0

[Event "OBBEM Oberbayern 2012"]
[Site "Weilheim-Marnbach"]
[Date "2012.05.24"]
[Round "5.8"]
[White "Seidenschwarz, Holger"]
[Black "Schlosser, Andree"]
[Result "0-1"]
[WhiteElo "1989"]
[BlackElo "2157"]
[PlyCount "88"]
[EventDate "2012.05.??"]
[WhiteTeam "SC 1947 Beilngries"]
[BlackTeam "SAbt TuS Fürstenfeldbruck"]

1. e4 d6 2. d4 Nf6 3. Nc3 c6 4. f4 Qa5 5. Bd3 e5 6. Nf3 Nbd7 7. O-O Be7 8. h3
O-O 9. Be3 Re8 10. g4 exf4 11. Bxf4 Nf8 12. Ne2 Ng6 13. Be3 Bf8 14. Ng3 Qc7 15.
Kg2 Nd5 16. exd5 Rxe3 17. Qd2 Re7 18. Nf5 Bxf5 19. gxf5 Nh8 20. f6 gxf6 21. Kh2
Ng6 22. h4 h5 23. Rg1 Rae8 24. Qf4 Bg7 25. Qf5 Re3 26. Qxh5 cxd5 27. Qg4 R3e4
28. Bxe4 dxe4 29. Ne1 d5+ 30. Kh1 e3 31. Qh3 Re4 32. Nf3 Qf4 33. c3 Qh6 34. Qg3
f5 35. Qb8+ Bf8 36. Qd8 Rg4 37. Qxd5 Nxh4 38. Rxg4+ fxg4 39. Qg5+ Qxg5 40. Nxg5
f5 41. d5 g3 42. Re1 g2+ 43. Kg1 Be7 44. Rxe3 Bc5 0-1